| 000 | 00420nam a2200121 4500 | ||
|---|---|---|---|
| 100 | 1 |
_aInnes, McLeod, _949372 |
|
| 245 | 0 | 0 |
_aSir Henry Lawrence, _bthe pacificator; _cby Lieut.-General J.J. McLeod Innes. |
| 260 |
_aOxford, _bClarendon press, _c1898. |
||
| 300 |
_a208 p. _bfront. (port.) fold. map. _c20 cm. |
||
| 500 | _aUniform with the Rulers of India series. | ||
| 526 |
_a0 _b0 _c0 _d355_009241000000000 |
||
| 942 |
_2ddc _cBK |
||
| 999 |
_c552162 _d552162 |
||